书目信息 |
| 题名: |
防水工程
|
|
| 作者: | 梁敦维 主编 | |
| 分册: | ||
| 出版信息: | 太原 山西科学技术出版社 2006.01 |
|
| 页数: | 311页 | |
| 开本: | 21cm | |
| 丛书名: | 建筑工程施工常见问题防治系列手册 | |
| 单 册: | ||
| 中图分类: | TU761.1 | |
| 科图分类: | ||
| 主题词: | 建筑防水--jian zhu fang shui--工程质量--质量管理--手册 | |
| 电子资源: | ||
| ISBN: | 7-5377-2609-4 | |
| 000 | 00973nam 2200253 450 | |
| 001 | 012006095768 | |
| 005 | 20061019092715.76 | |
| 010 | @a7-5377-2609-4@dCNY20.00 | |
| 100 | @a20060727d2006 km y0chiy0120 ea | |
| 101 | 0 | @achi |
| 102 | @aCN@b140000 | |
| 105 | @aa a 000yy | |
| 200 | 1 | @a防水工程@Afang shui gong cheng@f梁敦维主编@Fliang dun wei zhu bian |
| 210 | @a太原@c山西科学技术出版社@d2006.01 | |
| 215 | @a311页@c图@d21cm | |
| 225 | 2 | @a建筑工程施工常见问题防治系列手册@Ajian zhu gong cheng shi gong chang jian wen ti fang zhi xi lie shou ce |
| 320 | @a有书目 (第311页)。 | |
| 330 | @a本书收编了屋面防水、外墙防水、厕浴间及厨房防水、地下室防水和房屋渗漏修缮等内容,具有很强的针对性、可查性和实用性。 | |
| 410 | 0 | @12001 @a建筑工程施工常见问题防治系列手册 |
| 606 | 0 | @a建筑防水@Ajian zhu fang shui@x工程质量@x质量管理@j手册 |
| 690 | @aTU761.1@v4 | |
| 701 | 0 | @a梁敦维@Aliang dun wei@4主编 |
| 801 | 0 | @aCN@bQSSK@c20061019 |
| 905 | @a10447@dTU761.1@eL398 | |
| 防水工程/梁敦维主编.-太原:山西科学技术出版社,2006.01 |
| 311页:图;21cm.-(建筑工程施工常见问题防治系列手册) |
| ISBN 7-5377-2609-4:CNY20.00 |
| 本书收编了屋面防水、外墙防水、厕浴间及厨房防水、地下室防水和房屋渗漏修缮等内容,具有很强的针对性、可查性和实用性。 |
| ● |
| 相关链接 |
|
|
|
正题名:防水工程
索取号:TU761.1/L398
 
预约/预借
| 序号 | 登录号 | 条形码 | 馆藏地/架位号 | 状态 | 备注 |
| 1 | 597642 | 205976425 | 建筑库201/201建筑库 44排6列3层/ [索取号:TU761.1/L398] | 在馆 | |
| 2 | 597643 | 205976434 | 建筑库201/201建筑库 44排6列3层/ [索取号:TU761.1/L398] | 在馆 | |
| 3 | 597644 | 205976443 | 建筑库201/201建筑库 44排6列3层/ [索取号:TU761.1/L398] | 在馆 |